Goodbye, García, adiós / (Record no. 1409)

MARC details
000 -LEADER
fixed length control field 00735cam a2200277 i 4500
005 - DATE AND TIME OF LATEST TRANSACTION
control field 20260322212059.0
008 - FIXED-LENGTH DATA ELEMENTS--GENERAL INFORMATION
fixed length control field data
010 ## - LIBRARY OF CONGRESS CONTROL NUMBER
LC control number 75043344
020 ## - INTERNATIONAL STANDARD BOOK NUMBER
International Standard Book Number 0873581477 :
Terms of availability {dollar}9.50
040 ## - CATALOGING SOURCE
Original cataloging agency DLC
Transcribing agency DLC
Modifying agency DLC
041 0# - LANGUAGE CODE
Language code of text/sound track or separate title engspa
050 00 - LIBRARY OF CONGRESS CALL NUMBER
Classification number PE1121
Item number .D33
082 00 - DEWEY DECIMAL CLASSIFICATION NUMBER
Classification number B
-- B
092 ## - LOCALLY ASSIGNED DEWEY CALL NUMBER (OCLC)
Classification number 972.1 D434 1976
001 - CONTROL NUMBER
control field data
100 1# - MAIN ENTRY--PERSONAL NAME
Personal name Dedera, Don.
245 10 - TITLE STATEMENT
Title Goodbye, García, adiós /
Statement of responsibility, etc. Don Dedera & Bob Robles.
250 ## - EDITION STATEMENT
Edition statement 1st ed.
260 ## - PUBLICATION, DISTRIBUTION, ETC.
Place of publication, distribution, etc. Flagstaff [Ariz.] :
Name of publisher, distributor, etc. Northland Press,
Date of publication, distribution, etc. c1976.
300 ## - PHYSICAL DESCRIPTION
Extent xvi, 131 p. :
Other physical details ill. ;
Dimensions 26 cm.
500 ## - GENERAL NOTE
General note English and Spanish.
500 ## - GENERAL NOTE
General note Includes index.
600 10 - SUBJECT ADDED ENTRY--PERSONAL NAME
Personal name García Jesús,
Dates associated with a name 1883-1907.
650 #0 - SUBJECT ADDED ENTRY--TOPICAL TERM
Topical term or geographic name entry element Readers.
700 1# - ADDED ENTRY--PERSONAL NAME
Personal name Robles, Bob,
Relator term joint author.
Holdings
Withdrawn status Lost status Damaged status Not for loan Home library Current library Shelving location Date acquired Total checkouts Full call number Barcode Date last seen Price effective from Koha item type
        Franklin Franklin General stacks 22/03/2026   972/.1 B BC0011456 22/03/2026 22/03/2026 Books